| 000 | 00607nam a2200193Ia 4500 | ||
|---|---|---|---|
| 003 | GCL | ||
| 008 | 140319s9999 xx 000 0 ara d | ||
| 040 |
_aGCL / _cGCL |
||
| 082 | 0 | 4 |
_a230 _bش م |
| 100 | 1 | _aشرف الدين على الراجحى | |
| 245 | 1 | 0 |
_aمصطلح الحديث واثرة على الدرس اللغوى عند العرب / _cشرف الدين على الراجحى |
| 300 | _a306 ص | ||
| 490 | _a | ||
| 650 | 0 | 4 | _aالحديث |
| 650 | 0 | 4 | _aاللغة العربية - علم |
| 650 | 0 | 4 | _aالحديث - مصطلح |
| 650 | 0 | 4 | _aالحديث - فهارس |
| 942 |
_2ddc _cBK |
||
| 999 |
_c45938 _d45938 |
||